01216 2200397 4500001002100000005001500021035002000036007000300056008004100059020002200100100001900122245011100141250003100252300003800283264003900321336002100360337003000381338002300411040002200434082001900456084002100475090002200496500006200518650003000580850001200610999002200622700001700644700002000661700001900681700001800700700001800718700001800736700001800754700002400772990002200796INLIS00000000087881920230529092308 a0010-0523000696ta230523s2017 yoia g j ind d a978-602-50010-4-80 aTyoePengarang10aKumpulan cerita seronok :bcinta tak terceritakan /cTyo, F, A.Z., GAA, MM, NL, NN, WS; penyunting, S. Jai aCetakan pertama, Juli 2017 ax, 114 halaman :bgambar ;c21 cm31aBantul :bAzyan Mitra Media,c2017 2rdacontentateks 2rdamediaatanpa perantara 2rdacarrieravolume aYOPDYOGbinderda04223a899.221301 a899.221301 TYO k aCB-D.11 2017-3453 aDiterbitkan atas kerjasama dengan Kojigema Institute (KI) 4aCerita pendek--xKumpulan aYOPDYOG aCB-D.11/2017-34530 aFePengarang0 aA.Z.ePengarang0 aGAAePengarang0 aMMePengarang0 aNLePengarang0 aNNePengarang0 aWSePengarang1 aJai, S.ePenyunting aCB-D.11/2017-3453